Estadísticas para Banderas de los territorios británicos de ultramar

Haz click aquí para intentar la prueba.

Estadísticas generales

  • Esta prueba ha sido intentada 103 veces
  • La puntuación promedio es 8 de 15

Estadísticas de respuestas

Respuesta% Correcto
Gibraltar
95%
Anguila
85%
Bermudas
80%
Montserrat
78%
Islas Vírgenes Británicas
65%
Islas Malvinas
62%
Islas Caiman
57%
Islas Pitcairn
55%
Islas Turcas y Caicos
55%
Tristan De Acuña
42%
Ascension
37%
Santa Helena
35%
Islas Georgias del Sur y Sandwich del Sur
28%
Territorio Británico en el Océano Índico
8%
Acrotiri y Dhekelia
7%

Distribución de puntuación

Porcentaje por número respondido

Porcentaje de gente con cada puntuación

Historial de tus puntuaciones

No has intentado esta prueba.